| 000 | 00803cab a2200229 4500 | ||
|---|---|---|---|
| 001 | ABS57062 | ||
| 008 | 090401t1997 xxu||||| |||| 00| 0 eng d | ||
| 035 | _a(Sirsi) u78825 | ||
| 041 | _aeng | ||
| 245 | _aUniclass | ||
| 260 | _c1997 | ||
| 350 | _a0 | ||
| 490 |
_aRIBA Journal _v104(6) June 1997, 74(1) |
||
| 520 | _aThe unified classification for the construction industry (Uniclass) is to be published in July 1997. It is intended to be used for a variety of purposes from organising library documents to structuring project information such as bills of quantities and specifications. | ||
| 650 | _aCLASSIFICATION SCHEME | ||
| 650 | _aCONSTRUCTION INDUSTRY | ||
| 650 | _aUNICLASS | ||
| 650 | _aUNIFIED CLASSIFICATION | ||
| 690 | _aBUILT ENVIRONMENT | ||
| 942 | _n0 | ||
| 948 | _c09/06/1997 | ||
| 999 |
_c49544 _d49544 |
||